| 000 | 00679nam a22002055i 4500 | ||
|---|---|---|---|
| 001 | 54660 | ||
| 003 | ES-MaACL | ||
| 007 | t| | ||
| 008 | 960725s1865 gw ||||1| eng d | ||
| 040 |
_aCAM _bspa _cCAM |
||
| 100 | 1 |
_aFullerton, Georgiana. _953008 |
|
| 245 | 1 | 0 |
_aConstance Sherwood _b: an autobiography of the sixteenth century / _cby Lady Georgiana Fullerton. |
| 250 | _aCopyrigh ed. | ||
| 260 |
_aLeipzig : _bBernhard Tauchnitz, _c1865. |
||
| 300 |
_a2 t. en 1 v. (344; 316 p.) ; _c16 cm. |
||
| 490 | 1 |
_aCollection of British authors ; _v793 y 794 |
|
| 830 | 0 |
_aCollection of British authors ; _v793 y 794 _9180703 |
|
| 852 |
_aES-MaACL _jG-12432 |
||
| 999 |
_c54660 _d54660 |
||